Fingías - Paloma Mami - Estadísticas

Estadísticas generales
  • Esta prueba ha sido intentada 26 veces
  • La puntuación promedio es 155 de 423
Estadísticas de respuestas
Letra % Correcto
a
100%
fingías
100%
te
100%
Te
100%
tu
100%
Tu
100%
Y
100%
y
100%
Yo
100%
yo
100%
Al
50%
bien
50%
con
50%
de
50%
De
50%
el
50%
I
50%
it
50%
knew
50%
las
50%
lie
50%
lo
50%
Lo
50%
los
50%
Los
50%
me
50%
mi
50%
no
50%
por
50%
Por
50%
que
50%
Que
50%
quiere
50%
quieres
50%
sabía
50%
50%
se
50%
Si
50%
ti
50%
Todas
50%
todavía
50%
Todavía
50%
Todo
50%
todos
50%
was
50%
acabó
0%
acuerdo
0%
Ahora
0%
all
0%
amigo
0%
besos
0%
borré
0%
claro
0%
Como
0%
contigo
0%
cosas
0%
Cuando
0%
cuando
0%
cuenta
0%
culpa
0%
decías
0%
día
0%
diste
0%
enamoro
0%
era
0%
es
0%
ese
0%
eso
0%
espero
0%
estaba
0%
fallaste
0%
felicito
0%
final
0%
haciendo
0%
igual
0%
lindas
0%
lloraba
0%
maté
0%
mentías
0%
mentira
0%
mucho
0%
muerdas
0%
murió
0%
nada
0%
ni
0%
nosotros
0%
nuevo
0%
nunca
0%
obligo
0%
olvidarme
0%
olvídate
0%
olvidé
0%
oro
0%
otro
0%
pa
0%
pensando
0%
Pensé
0%
perder
0%
perdías
0%
Perdiste
0%
pero
0%
pierdas
0%
Poco
0%
poco
0%
problema
0%
puedes
0%
queda
0%
quedaste
0%
quiero
0%
real
0%
regresaría
0%
resuelva
0%
saber
0%
sentía
0%
sentimientos
0%
sentiste
0%
Siempre
0%
siento
0%
sola
0%
solo
0%
supe
0%
superé
0%
Terminaste
0%
terminó
0%
tiempo
0%
tus
0%
tuya
0%
vacía
0%
veas
0%
ver
0%
virar
0%
vuelvas
0%
Ya
0%
ya
0%
No se encontraron pruebas coincidentes
Distribución de puntuación
Porcentaje de gente con cada puntuación
Porcentaje por número respondido
Historial de tus puntuaciones
No has intentado esta prueba.